| 000 | 00669nam a2200253Ia 4500 | ||
|---|---|---|---|
| 005 | 20250425162354.0 | ||
| 008 | 250425s9999 xx 000 0 und d | ||
| 020 | _a9789978866641 | ||
| 041 | _aspa | ||
| 043 | _aec | ||
| 082 | _a341.02636 | ||
| 100 | _aCORPORACION, DE ESTUDIOS Y PUBLICACIONES | ||
| 245 | 0 | _aREGIMEN DE LA SALUD | |
| 250 | _a1A ED. | ||
| 260 |
_aEcuador _bCORPORACION DE ESTUDIOS Y PUBLICACIONES _c1950 |
||
| 260 | _aQUITO | ||
| 300 | _a200 | ||
| 500 | _aTOMO 1 ACTUALIZADA A ENERO 2009 TOMO I | ||
| 650 | _aLEYES-ECUADOR | ||
| 650 | _aSALUD | ||
| 710 | _aCORPORACION DE ESTUDIOS Y PUBLICACIONES | ||
| 942 | _c01 | ||
| 010 | _a66795 | ||
| 999 |
_c227902 _d227902 |
||